II Seminari sobre gènere en el desenvolupament : Barcelona, 10 i 11 de maig del 2002 / organitzat per: Federació Catalana d'ONG per al Desenvolupament ; coordinador tècnic de la FCONGD: Eduard Ballester Barcelona, 10 i 11 de maig del 2002 / organitzat per:

ISBN: 84-606-3298-9
Publicat: Barcelona : la Federació, [2002]
Descripció física: 124 p. : il. ; 24 cm
Altres autors: Ballester, Eduard

MARC

LEADER 00000nam a2200000Ia 4500
001 20698
003 BGR
005 20260324175710.0
008 160829s9999 xx 000 0 cat d
020 |a 84-606-3298-9 
080 |a M-6-74 
111 |a Seminari Sobre Gènere en el Desenvolupament  |9 70937  |c (Barcelona:  |d 2002) 
245 |a II Seminari sobre gènere en el desenvolupament :  |b  Barcelona, 10 i 11 de maig del 2002 / organitzat per:  |b  Federació Catalana d'ONG per al Desenvolupament ; coordinador tècnic de la FCONGD:  |b  Eduard Ballester 
260 |a Barcelona :  |b la Federació, [2002] 
300 |a 124 p. :  |b  il. ;  |c 24 cm 
590 |a Bibliografia.  
590 |a Seminari celebrat al Pati Manning de Barcelona.  
590 |a Amb la col·laboració del Gabinet de Relacions Internacionals de la Diputació de Barcelona i el Fons Català de Cooperació al Desenvolupament 
650 |a Igualtat entre els sexes  |x Congressos   |9 38214 
650 |a Dones en el desenvolupament  |x Congressos  |9 38215 
700 |a Ballester, Eduard   |9 38217 
710 1 |a Barcelona (Catalunya : Província).  |b Gabinet de Relacions Internacionals  |9 13543 
710 2 |a Federació Catalana d'ONG per al Desenvolupament   |9 70938 
710 2 |a Fons Català de Cooperació al Desenvolupament  |9 10841 
901 |a Arxiu 
942 |n 1  |2 udc  |c MON 
952 |0 0  |1 0  |4 0  |6 M674  |7 1  |9 48323  |a Arxiu  |b Arxiu  |d 2016-12-01  |l 0  |o M-6-74  |p 20698  |r 2016-12-01 00:00:00  |w 2016-12-01  |y ARXIU 
999 |c 52129  |d 52129